000 00554nam a2200193Ia 4500
003 OSt
005 20230607081225.0
008 210423s2010 xx 000 0 und d
040 _cAL
041 _aeng
082 _a362.29
_223
_bJAYF
100 _aJAYARAMAN (R)
_9120746
245 _aFamilys journey through alcoholism its recovery
260 _aNew Delhi
_bTata McGraw-hill
_c2010
365 _b100
_cINR
650 _aSocial Problems & Services
_9120747
906 _aalcoholism ; Familys ; its ; journey ; recovery ; through
942 _2ddc
_cBK
999 _c176009
_d176009